Statistics for Wikipedia vital articles leaders and politicians

Click here to take the quiz!

General Stats

  • This quiz has been taken 5 times
  • The average score is 13 of 26

Answer Stats

Answer% Correct
Adolf Hitler
100%
Charlemagne
100%
George Washington
100%
Joseph Stalin
100%
Mao Zedong
100%
Napoleon
100%
Abraham Lincoln
67%
Alexander the Great
67%
Cyrus the Great
67%
Elizabeth I
67%
Genghis Khan
67%
Qin Shi Huang
67%
Akbar
33%
Ashoka
33%
Augustus
33%
Joan of Arc
33%
Julius Caesar
33%
Mansa Musa
33%
Nelson Mandela
33%
Simon Bolivar
33%
Catherine the Great
0%
Hammurabi
0%
Hatshepsut
0%
Mahtma Gandhi
0%
Rameses II
0%
Suleiman the Magnificient
0%

Score Distribution

Percentile by Number Answered

Percent of People with Each Score

Your Score History

You have not taken this quiz